000
00208 a2200097 4500
001
9032
100
_a
Burton, S H
245
_a
English study and composition
260
_a
_b
Longmans
_c
090
_c
7216
_d
7216
942
_a
NUST-CAE
_c
M
_c
33841
999
_c
244105
_d
244105